000 01444cam a2200133 4500500
005 20251214002630.0
041 _afre
042 _adc
100 1 0 _aHuster, Francis
_eauthor
245 0 0 _aPoquelin contre Molière : Un duel à mort
260 _bArmand Colin,
_c2021.
520 _aJanvier 2022 : Molière aurait eu 400 ans. Molière ou Jean-Baptiste Poquelin ?Il y a celui qui écrit et celui qui joue. Le premier se met à nu pour divertir le public, il se sert de sa propre vie pour l’offrir en sacrifice sur l’autel de sa passion : le théâtre. Le second est un chef de troupe et un comédien qui, sous le masque d’Harpagon, de Jourdain ou d’Arnolphe, sert l’auteur par son jeu et par sa passion pour la scène.Ces deux faces d’un même homme qui n’est qu’une seule légende s’affrontent à travers ce dialogue éblouissant que signe Francis Huster. Au-delà de savoir qui en sortira vainqueur et passera à la postérité, ce duel imaginé et qui sonne pourtant si vrai nous offre une belle réflexion sur l’auteur, le comédien, le théâtre sans oublier le quatrième mur : le public !Cet ouvrage s’adresse à tous les passionnés de Molière et à tous ceux qui auront la curiosité de connaître le point de vue original de Francis Huster sur Poquelin et son double de théâtre.
856 4 1 _uhttps://shs.cairn.info/poquelin-contre-moliere--9782200625986?lang=fr&redirect-ssocas=7080
999 _c1567228
_d1567228